[Event "Titled Tuesday intern op 30th Jan Late"]
[Site "Chess.com INT"]
[Date "2024.01.30"]
[Round "5"]
[White "Szpar, Milosz"]
[Black "Yu, Jason"]
[Result "1-0"]
[WhiteElo "2495"]
[BlackElo "2014"]
[PlyCount "121"]
[EventDate "2024.01.30"]
[EventType "swiss (blitz)"]
[EventRounds "11"]
[EventCountry "USA"]
[SourceTitle "EXT 2025"]
[Source "ChessBase"]
[SourceDate "2024.10.14"]
[SourceVersion "1"]
[SourceVersionDate "2024.10.14"]
[SourceQuality "1"]

1. e4 e5 2. Nf3 Nc6 3. d4 exd4 4. Nxd4 Qh4 5. Nc3 Bb4 6. Be2 Qxe4 7. Ndb5 Bxc3+ 8. bxc3 Kd8 9. 0-0 Nge7 10. Re1 d6 11. Rb1 a6 12. Nd4 Re8 13. Bxa6 Qd5 14. Rb5 Qxa2 15. Bxb7 Bxb7 16. Rxb7 Qa6 17. Rb3 Qc4 18. Bg5 Kd7 19. Bxe7 Rxe7 20. Qg4+ Ke8 21. Rxe7+ Nxe7 22. h4 Kf8 23. Qf3 Re8 24. Rb7 Nd5 25. g3 Nxc3 26. Nf5 g6 27. Ne3 Qc5 28. Qf6 Kg8 29. Ng4 Qh5 30. Rxc7 Ne2+ 31. Kh2 Rf8 32. Qf3 Qb5 33. Nh6+ Kg7 34. Nxf7 Nd4 35. Nxd6+ Kg8 36. Rf7 Nxf3+ 37. Rxf3 Qe5 38. Rxf8+ Kxf8 39. Nc4 Qc3 40. Ne3 Qd2 41. Kg2 Kg7 42. Kf3 h6 43. Kg2 Kf6 44. c4 Qa2 45. Kf3 Ke5 46. Ng4+ Ke6 47. Ne3 g5 48. Kg2 gxh4 49. gxh4 Ke5 50. Kf3 Kf6 51. Kg4 Kg6 52. Kg3 h5 53. Ng2 Qxc4 54. Nf4+ Kh6 55. f3 Qc1 56. Ne2 Qe3 57. Nf4 Qg1+ 58. Ng2 Kg6 59. Kh3 Kf5 60. Kg3 Qd1 61. Ne3+ 1-0

[Event "Titled Tuesday intern op 30th Jan Late"]
[Site "Chess.com INT"]
[Date "2024.01.30"]
[Round "8"]
[White "Yu, Jason"]
[Black "Baziuk, Vladyslav"]
[Result "0-1"]
[WhiteElo "2014"]
[BlackElo "2211"]
[PlyCount "66"]
[EventDate "2024.01.30"]
[EventType "swiss (blitz)"]
[EventRounds "11"]
[EventCountry "USA"]
[SourceTitle "EXT 2025"]
[Source "ChessBase"]
[SourceDate "2024.10.14"]
[SourceVersion "1"]
[SourceVersionDate "2024.10.14"]
[SourceQuality "1"]

1. e4 c6 2. d4 d5 3. Nd2 dxe4 4. Nxe4 Nf6 5. Nxf6+ exf6 6. Nf3 Bd6 7. Bd3 0-0 8. 0-0 Bg4 9. h3 Bh5 10. c4 Re8 11. b3 Nd7 12. Bb2 Nf8 13. Bc2 Bc7 14. Qd3 Qd6 15. g3 f5 16. Ne5 f6 17. Qxf5 g6 18. c5 Qd5 19. Qxf6 Bxe5 20. dxe5 Ne6 21. g4 Rf8 22. Qh4 Nf4 23. f3 Qxc5+ 24. Rf2 g5 25. Qxg5+ Bg6 26. Qh6 Ne2+ 27. Kg2 Qxc2 28. Re1 Nf4+ 29. Kg3 Qc5 30. e6 Qe7 31. Rd2 Rad8 32. Rd7 Rxd7 33. exd7 Qxe1+ 0-1

[Event "Titled Tuesday intern op 30th Jan Late"]
[Site "Chess.com INT"]
[Date "2024.01.30"]
[Round "6"]
[White "Yu, Jason"]
[Black "Timmermans, Mark"]
[Result "1-0"]
[WhiteElo "2014"]
[BlackElo "2394"]
[PlyCount "113"]
[EventDate "2024.01.30"]
[EventType "swiss (blitz)"]
[EventRounds "11"]
[EventCountry "USA"]
[SourceTitle "EXT 2025"]
[Source "ChessBase"]
[SourceDate "2024.10.14"]
[SourceVersion "1"]
[SourceVersionDate "2024.10.14"]
[SourceQuality "1"]

1. e4 e5 2. Nf3 Nc6 3. Bc4 Nf6 4. Ng5 Bc5 5. Bxf7+ Ke7 6. Bb3 Rf8 7. d3 h6 8. Nf3 d6 9. Be3 Bb6 10. Nbd2 Qe8 11. Qe2 Bg4 12. h3 Bh5 13. c3 Kd7 14. 0-0-0 Bf7 15. Nh4 Bxb3 16. Nxb3 Ne7 17. g4 Qf7 18. Rhf1 a5 19. Bxb6 cxb6 20. Kb1 Kc7 21. f4 exf4 22. e5 Qe6 23. Rxf4 Qxe5 24. Rc4+ Nc6 25. Qg2 Rfe8 26. Nd4 d5 27. Nb5+ Kd7 28. Ng6 Qg5 29. Qg3 Ne5 30. Rc7+ Kd8 31. Nxe5 Qxe5 32. Qxe5 Rxe5 33. Rxg7 Re3 34. Rf1 Ne8 35. Rf8 Rc8 36. Nd6 Rc6 37. Nxb7+ Kc8 38. Rh7 Rce6 39. Rxe8+ Rxe8 40. Nd6+ Kb8 41. Nxe8 Rxe8 42. Rxh6 Kc7 43. g5 Re1+ 44. Kc2 Rg1 45. h4 b5 46. Kb3 Rg2 47. a4 bxa4+ 48. Kxa4 Rxb2 49. Kxa5 Rc2 50. Kb4 Rb2+ 51. Kc5 Rb3 52. Kxd5 Rxc3 53. d4 Kd7 54. Rh7+ Ke8 55. g6 Kf8 56. h5 Rg3 57. Kd6 1-0

[Event "Titled Tuesday intern op 04th Apr Early"]
[Site "Chess.com INT"]
[Date "2023.04.04"]
[Round "2"]
[White "Zampronha, Wladimir Camilo"]
[Black "Yu, Jason"]
[Result "0-1"]
[WhiteElo "2176"]
[BlackElo "2014"]
[PlyCount "52"]
[EventDate "2023.04.04"]
[EventType "swiss (blitz)"]
[EventRounds "11"]
[EventCountry "USA"]
[SourceTitle "EXT 2024"]
[Source "ChessBase"]
[SourceDate "2023.10.10"]
[SourceVersion "1"]
[SourceVersionDate "2023.10.10"]
[SourceQuality "1"]

1. e4 e5 2. Nf3 Nc6 3. d4 exd4 4. Nxd4 Qh4 5. Nc3 Bb4 6. Ndb5 Qxe4+ 7. Be2 Bxc3+ 8. bxc3 Kd8 9. 0-0 a6 10. Bd3 Qd5 11. Nd4 Nxd4 12. cxd4 Qxd4 13. Be3 Qf6 14. Rb1 Ne7 15. c4 Nc6 16. c5 h6 17. Re1 Re8 18. Qc2 Re6 19. Bc4 Re5 20. Qd2 Ke8 21. Bd5 Kf8 22. Bxc6 Qxc6 23. Bd4 Rg5 24. f4 Rg6 25. f5 Rg4 26. Qe3 Qxg2# 0-1

[Event "PRO League Stage"]
[Site "Chess.com INT"]
[Date "2019.01.22"]
[Round "3"]
[White "Yu, Jason"]
[Black "Jirasek, Ladia R"]
[Result "0-1"]
[WhiteElo "2081"]
[BlackElo "2376"]
[PlyCount "48"]
[EventDate "2019.01.08"]
[EventType "team-swiss (rapid)"]
[EventRounds "10"]
[EventCountry "USA"]
[SourceTitle "CBM 188 Extra"]
[Source "ChessBase"]
[SourceDate "2019.02.28"]
[SourceVersion "1"]
[SourceVersionDate "2019.02.28"]
[SourceQuality "1"]
[WhiteTeam "Seattle Sluggers"]
[BlackTeam "San Francisco Mechanics"]
[WhiteTeamCountry "USA"]
[BlackTeamCountry "USA"]

1. e4 d5 2. exd5 Nf6 3. d4 Bg4 4. Be2 Bxe2 5. Nxe2 Qxd5 6. 0-0 Nc6 7. c3 0-0-0 8. Qb3 e5 9. dxe5 Nxe5 10. Qxd5 Nxd5 11. Nd2 Bd6 12. Ne4 Rhe8 13. N2g3 Bf8 14. b3 h6 15. c4 Nb4 16. Bf4 Ned3 17. Bd2 f5 18. Nc3 g6 19. Nd1 Nc2 20. Rb1 f4 21. Nh1 Re2 22. Bc3 Bc5 23. h3 g5 24. Nb2 Na3 0-1

[Event "Wch U12"]
[Site "Santiago de Compostela"]
[Date "2018.11.10"]
[Round "6"]
[White "Yavuz, Efe Metehan"]
[Black "Yu, Jason"]
[Result "1-0"]
[WhiteElo "1828"]
[BlackElo "2097"]
[PlyCount "105"]
[EventDate "2018.11.04"]
[EventType "swiss"]
[EventRounds "11"]
[EventCountry "ESP"]
[SourceTitle "EXT 2022"]
[Source "ChessBase"]
[SourceDate "2021.10.06"]
[SourceVersion "1"]
[SourceVersionDate "2021.10.06"]
[SourceQuality "1"]

1. e4 e5 2. Nf3 Nc6 3. Nc3 Nf6 4. d4 exd4 5. Nxd4 Bc5 6. Be3 Bb4 7. Nxc6 Bxc3+ 8. bxc3 bxc6 9. Bd3 Qe7 10. 0-0 0-0 11. Re1 d6 12. f3 c5 13. Bf2 Re8 14. Qd2 h6 15. h3 Bb7 16. Bg3 Qd7 17. Bc4 Nh5 18. Bf2 Re5 19. Rab1 Bc6 20. Be2 g5 21. Be3 Rae8 22. Bc4 Kh8 23. Rbd1 Qe7 24. Bd4 cxd4 25. cxd4 Rb5 26. d5 Bd7 27. Bxb5 Bxb5 28. Qd4+ f6 29. a4 Bd7 30. Rb1 a5 31. Rb7 Rc8 32. Reb1 Nf4 33. Kf2 Kh7 34. Rb8 c5 35. Qc3 Rxb8 36. Rxb8 Bxa4 37. Qxa5 Bd7 38. Qd8 Qxd8 39. Rxd8 Ba4 40. Rxd6 Bxc2 41. Rxf6 Kg7 42. Rb6 Ba4 43. g3 Nd3+ 44. Ke2 c4 45. Ke3 Ne1 46. Rb7+ Kf6 47. Rc7 Bb3 48. Rc6+ Ke7 49. e5 Nc2+ 50. Ke4 Nb4 51. Rc7+ Kd8 52. d6 Na2 53. e6 1-0

[Event "Seattle Super Masters-A"]
[Site "Seattle"]
[Date "2018.03.02"]
[Round "1"]
[White "Yu, Jason"]
[Black "Zherebukh, Yaroslav"]
[Result "0-1"]
[WhiteElo "2053"]
[BlackElo "2633"]
[PlyCount "72"]
[EventDate "2018.03.02"]
[EventType "swiss"]
[EventRounds "5"]
[EventCountry "USA"]
[SourceTitle "EXT 2023"]
[Source "ChessBase"]
[SourceDate "2022.10.05"]
[SourceVersion "1"]
[SourceVersionDate "2022.10.05"]
[SourceQuality "1"]

1. e4 c5 2. Nf3 d6 3. d4 cxd4 4. Nxd4 Nf6 5. Nc3 a6 6. Be2 e6 7. Be3 Nbd7 8. f4 Qc7 9. a4 b6 10. Bf3 Bb7 11. 0-0 Rc8 12. f5 e5 13. Nb3 Be7 14. Rf2 Qb8 15. Qd3 0-0 16. g4 d5 17. g5 Rxc3 18. Qxc3 d4 19. Bxd4 Rc8 20. Qd2 exd4 21. gxf6 Bxf6 22. Nxd4 Ne5 23. c3 Nxf3+ 24. Rxf3 Bxe4 25. Rg3 Ba8 26. Nf3 Rc5 27. Re1 h6 28. Qe2 Qb7 29. Qg2 Qc8 30. Qc2 Bc6 31. Qd2 Kh7 32. Nd4 Be8 33. Qf4 Qd7 34. h3 Rc4 35. b3 Rc5 36. Rf1 Qd8 0-1

[Event "Wch U10"]
[Site "Batumi"]
[Date "2016.10.27"]
[Round "8"]
[White "Yu, Jason"]
[Black "Spizharny, Mikhail"]
[Result "1/2-1/2"]
[WhiteElo "1861"]
[BlackElo "1760"]
[PlyCount "69"]
[EventDate "2016.10.19"]
[EventType "swiss"]
[EventRounds "11"]
[EventCountry "GEO"]
[SourceTitle "EXT 2018"]
[Source "ChessBase"]
[SourceDate "2017.10.13"]
[SourceVersion "1"]
[SourceVersionDate "2017.10.13"]
[SourceQuality "1"]

1. e4 c5 2. Nf3 e6 3. d4 cxd4 4. Nxd4 a6 5. Bd3 Ne7 6. 0-0 Nbc6 7. Nxc6 Nxc6 8. c4 Bc5 9. Nc3 d6 10. Kh1 0-0 11. f4 Bd4 12. Bd2 Bd7 13. Rc1 Rc8 14. b3 b6 15. Qe2 Bf6 16. Be3 Rb8 17. Rfd1 Bd4 18. Bb1 e5 19. f5 b5 20. Nd5 f6 21. cxb5 axb5 22. Bxd4 Nxd4 23. Qe3 Bc6 24. Nb4 Rc8 25. Nc2 Nxc2 26. Rxc2 Qe7 27. Qd3 Kh8 28. h3 Rfd8 29. b4 Qb7 30. a3 h6 31. Rdc1 Kh7 32. Rc3 d5 33. exd5 Rxd5 34. Qg3 Rdd8 35. Bd3 1/2-1/2

[Event "Vancouver Intermat"]
[Site "Vancouver"]
[Date "2016.05.14"]
[Round "2.10"]
[White "Yu, Jason"]
[Black "Zhou, Aiden"]
[Result "1-0"]
[WhiteElo "2032"]
[BlackElo "1825"]
[PlyCount "167"]
[EventDate "2016.05.14"]
[EventType "swiss"]
[EventRounds "2"]
[EventCountry "CAN"]
[SourceTitle "EXT 2022"]
[Source "ChessBase"]
[SourceDate "2021.10.06"]
[SourceVersion "1"]
[SourceVersionDate "2021.10.06"]
[SourceQuality "1"]

1. e4 c5 2. Nf3 d6 3. d4 Nf6 4. Nc3 cxd4 5. Nxd4 Nc6 6. Be3 e5 7. Nb3 Be6 8. f3 Be7 9. Qd2 d5 10. exd5 Nxd5 11. Nxd5 Qxd5 12. 0-0-0 Rd8 13. Qxd5 Rxd5 14. Rxd5 Bxd5 15. c4 Be6 16. Nc5 Bc8 17. Be2 b6 18. Nd3 Be6 19. b3 0-0 20. Rd1 Rd8 21. Kb2 f6 22. c5 Nd4 23. Bxd4 Rxd4 24. cxb6 axb6 25. Nf2 Rxd1 26. Nxd1 Bc5 27. Nc3 Kf7 28. Na4 Bd4+ 29. Ka3 Ke7 30. Kb4 Kd6 31. Nc3 Bc5+ 32. Kb5 f5 33. Ka4 Bd7+ 34. Bb5 Bc8 35. a3 Bb7 36. b4 Bg1 37. Bd3 g6 38. h3 Bd4 39. Kb3 Bxc3 40. Kxc3 e4 41. fxe4 fxe4 42. Be2 Ke5 43. g3 Bc6 44. b5 Bd7 45. h4 h5 46. a4 Bc8 47. Bc4 Kf5 48. Bf7 Kf6 49. Be8 Bf5 50. Kd4 Ke7 51. Bc6 Kd6 52. Be8 Ke7 53. Bc6 e3 54. Kxe3 Bc2 55. Be4 Bxa4 56. Bxg6 Bd1 57. Kf4 Kf6 58. Bf5 Be2 59. Bd7 Ke7 60. Bc6 Kf6 61. Bf3 Bxb5 62. Bxh5 Bd3 63. g4 b5 64. g5+ Kg7 65. Bd1 b4 66. h5 Bc4 67. h6+ Kg8 68. Bc2 Bf7 69. Ke5 b3 70. Bb1 b2 71. Kf6 Be8 72. Ke7 Bh5 73. Bc2 Bf7 74. Kf6 Ba2 75. g6 Kf8 76. h7 b1Q 77. h8Q+ Bg8 78. g7+ Ke8 79. Qxg8+ Kd7 80. Bxb1 Kd6 81. Qe6+ Kc7 82. g8Q Kb7 83. Qgc8+ Ka7 84. Qea6# 1-0

[Event "Washington State Invitational"]
[Site "Redmond"]
[Date "2016.02.15"]
[Round "9"]
[White "Yu, Jason"]
[Black "Nagase, Toshihiro"]
[Result "0-1"]
[WhiteElo "1727"]
[BlackElo "1786"]
[PlyCount "130"]
[EventDate "2016.02.06"]
[EventType "tourn"]
[EventRounds "9"]
[EventCountry "USA"]
[SourceTitle "EXT 2018"]
[Source "ChessBase"]
[SourceDate "2017.10.13"]
[SourceVersion "1"]
[SourceVersionDate "2017.10.13"]
[SourceQuality "1"]

1. e4 c5 2. Nf3 Nc6 3. d4 cxd4 4. Nxd4 g6 5. Nc3 Bg7 6. Be3 Nf6 7. Bc4 d6 8. f3 Bd7 9. Bb3 Rc8 10. Qd2 0-0 11. 0-0-0 Nxd4 12. Bxd4 b5 13. Nd5 Nxd5 14. Bxg7 Kxg7 15. Bxd5 a5 16. a3 Rc5 17. g4 b4 18. axb4 axb4 19. Qxb4 Qc7 20. c3 Rb8 21. Qd4+ e5 22. Qd3 Qa5 23. c4 Ba4 24. Rd2 Rb3 25. Qe2 Rb4 26. Rd3 Bb3 27. Rxb3 Rxb3 28. Kc2 Qa4 29. Ra1 Ra3+ 30. Kd2 Qb4+ 31. Kc2 Qb3+ 32. Kb1 Rxa1+ 33. Kxa1 Ra5+ 34. Kb1 Qa2+ 35. Kc2 Qa4+ 36. Kb1 Qa1+ 37. Kc2 Ra2 38. Kb3 Ra6 39. Qe3 Qd1+ 40. Kc3 Ra1 41. Kb4 Qc2 42. b3 Qa2 43. Kc3 Qa5+ 44. Kc2 Ra2+ 45. Kd3 Rxh2 46. f4 Qa2 47. Kc3 Qa5+ 48. Kd3 Qa1 49. fxe5 Qxe5 50. Qf3 f6 51. c5 dxc5 52. Kc4 Rc2+ 53. Kb5 Qb8+ 54. Kc6 Qc8+ 55. Kd6 Ra2 56. e5 Ra6+ 57. Bc6 fxe5 58. Kxc5 Qxc6+ 59. Qxc6 Rxc6+ 60. Kxc6 e4 61. b4 e3 62. b5 e2 63. b6 e1Q 64. b7 Qe5 65. g5 Qb8 0-1

[Event "Washington State Invitational"]
[Site "Redmond"]
[Date "2016.02.14"]
[Round "8"]
[White "Nagase, Masayuki"]
[Black "Yu, Jason"]
[Result "1-0"]
[WhiteElo "1823"]
[BlackElo "1727"]
[PlyCount "87"]
[EventDate "2016.02.06"]
[EventType "tourn"]
[EventRounds "9"]
[EventCountry "USA"]
[SourceTitle "EXT 2018"]
[Source "ChessBase"]
[SourceDate "2017.10.13"]
[SourceVersion "1"]
[SourceVersionDate "2017.10.13"]
[SourceQuality "1"]

1. d4 d5 2. c4 e6 3. Nc3 Be7 4. cxd5 exd5 5. Qc2 Nf6 6. Bg5 Nbd7 7. e3 c6 8. Bd3 0-0 9. Nge2 Re8 10. 0-0 h6 11. Bf4 Nf8 12. Rab1 b6 13. b4 Bb7 14. Na4 Rc8 15. Bf5 N6d7 16. Nc1 Bg5 17. Bg3 g6 18. Bh3 Bh4 19. Bd6 Be7 20. Bg3 f5 21. Nd3 Ne6 22. Ne5 Nxe5 23. Bxe5 Bf6 24. f4 Bxe5 25. dxe5 h5 26. Rf3 Rf8 27. g4 hxg4 28. Bxg4 fxg4 29. Qxg6+ Ng7 30. Qxg4 Rc7 31. f5 Bc8 32. Rbf1 Rcf7 33. e6 Rxf5 34. Rxf5 Rxf5 35. Rxf5 Bxe6 36. Qg5 Qd7 37. Rf4 Kh7 38. Nc3 c5 39. Rf8 Bf7 40. Qh4+ Kg6 41. Ne2 Ne6 42. Rh8 Ng5 43. Rh6+ Kf5 44. Qf4# 1-0

[Event "Washington State Invitational"]
[Site "Redmond"]
[Date "2016.02.13"]
[Round "5"]
[White "Yu, Jason"]
[Black "Olin, Neo Edward"]
[Result "1/2-1/2"]
[WhiteElo "1727"]
[BlackElo "2041"]
[PlyCount "51"]
[EventDate "2016.02.06"]
[EventType "tourn"]
[EventRounds "9"]
[EventCountry "USA"]
[SourceTitle "EXT 2018"]
[Source "ChessBase"]
[SourceDate "2017.10.13"]
[SourceVersion "1"]
[SourceVersionDate "2017.10.13"]
[SourceQuality "1"]

1. e4 e6 2. d4 d5 3. Nc3 Bb4 4. exd5 exd5 5. Bd3 Nf6 6. Nge2 h6 7. 0-0 0-0 8. h3 Re8 9. Nf4 Nc6 10. Be3 a6 11. Qf3 Bxc3 12. bxc3 Na5 13. Rae1 Qd6 14. Nh5 Ne4 15. Bf4 Qe6 16. Bxe4 dxe4 17. Qg3 Qg6 18. Qxg6 fxg6 19. Ng3 Nc4 20. Rxe4 Bf5 21. Rxe8+ Rxe8 22. Nxf5 gxf5 23. Bxc7 Rc8 24. Bf4 Na3 25. Bc1 Nb5 26. Bd2 1/2-1/2

[Event "Washington State Invitational"]
[Site "Redmond"]
[Date "2016.02.07"]
[Round "4"]
[White "Dhingra, Sangeeta"]
[Black "Yu, Jason"]
[Result "0-1"]
[WhiteElo "1653"]
[BlackElo "1727"]
[PlyCount "74"]
[EventDate "2016.02.06"]
[EventType "tourn"]
[EventRounds "9"]
[EventCountry "USA"]
[SourceTitle "EXT 2018"]
[Source "ChessBase"]
[SourceDate "2017.10.13"]
[SourceVersion "1"]
[SourceVersionDate "2017.10.13"]
[SourceQuality "1"]

1. e4 e5 2. Nf3 Nc6 3. Bb5 a6 4. Ba4 Nf6 5. 0-0 b5 6. Bb3 Bc5 7. Nxe5 Nxe5 8. d4 Bxd4 9. Qxd4 d6 10. c3 c5 11. Qd1 Bb7 12. f3 0-0 13. Bc2 h6 14. Re1 Re8 15. Nd2 Qc7 16. Nf1 Rad8 17. Bf4 Qb6 18. Qc1 Nh5 19. Ng3 Nxf4 20. Qxf4 Ng6 21. Qg4 Bc8 22. Nf5 Bxf5 23. exf5 c4+ 24. Kf1 Ne5 25. Qg3 f6 26. Rad1 Qc5 27. f4 Nc6 28. Re6 Rxe6 29. fxe6 Ne7 30. Re1 d5 31. f5 Kf8 32. Qg4 d4 33. Qh5 Kg8 34. Qf7+ Kh7 35. Re4 d3 36. Bd1 Qxf5+ 37. Bf3 d2 0-1